Návrh jadrovníkov pre netrvalú formu na odlievanie repliky hnacieho kolesa

Salvato in:
Dettagli Bibliografici
Autore principale: Rychtárik, Juraj (Autore)
Altri autori: Šuba, Roland (Relatore della tesi)
Natura: Manoscritto Libro
Lingua:slovacco
Pubblicazione: 2022
Soggetti:
Accesso online:http://is.stuba.sk/zp/portal_zp.pl?podrobnosti=155510
Tags: Aggiungi Tag
Nessun Tag, puoi essere il primo ad aggiungerne!!

MARC

LEADER 00000ntm a22000003a 4500
001 stuzp89180
003 SK-STU
005 20220702211530.8
007 ta
008 150427s2015----xo-----f-mn---000-0-slo-d
040 |a STU  |b slo 
041 0 |a slo 
100 1 |a Rychtárik, Juraj  |u 063000  |4 aut  |U MTF Materiálovotechnologická fakulta  |T MTF Ústav výrobných technológií  |X 103439  |U M3000  |Y 83  |7 103439 
242 0 1 |a Cores design for drive sprocket replica sand casting  |y eng 
245 1 0 |a Návrh jadrovníkov pre netrvalú formu na odlievanie repliky hnacieho kolesa 
260 |c 2022 
650 4 |a Hnacie koleso  |2 slo 
650 4 |a Ozubené koleso  |2 slo 
650 4 |a Bezrámové formy  |2 slo 
650 4 |a Drive wheel  |2 eng 
650 4 |a Gear  |2 eng 
650 4 |a Frameless forms  |2 eng 
700 1 |a Šuba, Roland  |u 063700  |k Z1  |4 ths  |U MTF Ústav výrobných technológií  |T MTF Katedra zvárania a zlievarenstva  |X 4305  |U M3700  |Y 842  |7 A000004305 
856 4 |u http://is.stuba.sk/zp/portal_zp.pl?podrobnosti=155510 
996 |c M* BP-9451  |l MMSKP  |s P  |a 0  |w stuzp89180_0001